000 00653nam a22002057a 4500
999 _c144814
_d144814
005 20181031131924.0
010 _aB-710694
020 _a9788129145611
_c495.00
035 _aB-710694
037 _bUppal Books
_adpl
082 _a954.96
100 _aRana, Sagar S.J.B.
245 _aSingha durbar :
_cby Sagar S.J.B. Rana
_brise and fall of the Rana Regime of Nepal /
260 _aNew Delhi
_bRupa Pub.
_c2017
270 _a7/16, Ansari Road, Daryaganj,
_bNew Delhi
_e110002
300 _axiv,426p.
_c23cm(pbk)
500 _aIncludes index
942 _2ddc
_cEN
_mRAN